Informačné systémy marketingu
Guardado en:
| Autor principal: | |
|---|---|
| Otros Autores: | , |
| Formato: | Libro |
| Lenguaje: | eslovaco |
| Publicado: |
Bratislava
Vydavateľstvo EKONÓM
2015
|
| Edición: | 1. vyd. |
| Materias: | |
| Etiquetas: |
Sin Etiquetas, Sea el primero en etiquetar este registro!
|
MARC
| LEADER | 00000nam a2200000 4500 | ||
|---|---|---|---|
| 001 | 0200507 | ||
| 005 | 20240502073405.8 | ||
| 020 | |a 978-80-225-4062-9 | ||
| 041 | 0 | |a slo | |
| 044 | |a SK | ||
| 245 | 1 | 0 | |a Informačné systémy marketingu |c Andrej Miklošík ; recenzenti: Štefan Žák, Andrej Hriciga |
| 250 | |a 1. vyd. | ||
| 264 | 1 | |a Bratislava |b Vydavateľstvo EKONÓM |c 2015 | |
| 300 | |a 265 s. [13,25 AH] | ||
| 610 | 2 | 0 | |a systémy informačné |
| 610 | 2 | 0 | |a systémy informačné podnikové |
| 610 | 2 | 0 | |a systémy informačné geografické |
| 610 | 2 | 0 | |a marketing |
| 610 | 2 | 0 | |a maloobchod |
| 610 | 2 | 0 | |a veľkoobchod |
| 610 | 2 | 0 | |a marketing elektronický |
| 610 | 2 | 0 | |a siete počítačové |
| 610 | 2 | 0 | |a cloud computing |
| 610 | 2 | 0 | |a podnikanie elektronické |
| 610 | 2 | 0 | |a obchod elektronický |
| 610 | 2 | 0 | |a marketing mix |
| 610 | 2 | 0 | |a internet |
| 610 | 2 | 0 | |a stránky webové |
| 610 | 2 | 0 | |a siete sociálne |
| 100 | 1 | |a Miklošík, Andrej | |
| 700 | 1 | |a Žák, Štefan, 1971- | |
| 700 | 1 | |a Hriciga, Andrej | |